[Event "Riga LAT"]
[Site "Riga LAT"]
[Date "1986.??.??"]
[Round "?"]
[White "Shirov, Alexei D"]
[Black "Shabalov, Alexander"]
[Result "1/2-1/2"]
[WhiteElo "2700"]
[BlackElo "2565"]
[PlyCount "52"]
[EventDate "1986.??.??"]
[Source "www.chesslib.no"]
[SourceDate "2004.05.04"]

1. e4 Nf6 2. e5 Nd5 3. c4 Nb6 4. d4 d6 5. f4 dxe5 6. fxe5 c5 7. d5 e6 8. Nc3 exd5 9. cxd5 c4 10. Nf3 Bb4 11. Bxc4 Bxc3+ 12. bxc3 Nxc4 13. Qa4+ Nd7 14. Qxc4 Nb6 15. Qb5+ Qd7 16. Qxd7+ Bxd7 17. d6 Rc8 18. Be3 Rxc3 19. Kd2 Ra3 20. Bxb6 axb6 21. Rhb1 Bc6 22. Rxb6 Kd7 23. Nd4 Bxg2 24. Rg1 Rxa2+ 25. Ke3 Ra3+ 26. Kd2 Ra2+ 1/2-1/2

[Event "Zalaegerszeg"]
[Site "Zalaegerszeg"]
[Date "2004.04.25"]
[Round "2"]
[White "Pavasovic, Dusko"]
[Black "Varga, Zoltan"]
[Result "1/2-1/2"]
[WhiteElo "2591"]
[BlackElo "2564"]
[PlyCount "122"]
[EventDate "2004.04.24"]
[Source "ChessBase"]
[SourceDate "2004.07.27"]

1. e4 Nf6 2. e5 Nd5 3. c4 Nb6 4. d4 d6 5. exd6 exd6 6. Nc3 Be7 7. h3 O-O 8. Nf3 c5 9. d5 Bf6 10. Bd3 Re8+ 11. Be3 Bxc3+ 12. bxc3 Qf6 13. Qc2 h6 14. a4 Na6 15. Rb1 Rb8 16. a5 Nd7 17. O-O Ne5 18. Nxe5 Rxe5 19. Qd2 Nc7 20. Bf4 Re7 21. Bc2 Kf8 22. g4 Bd7 23. Bg3 b5 24. axb6 axb6 25. Qf4 Qxf4 26. Bxf4 Ne8 27. Rb2 Bc8 28. Rfb1 Reb7 29. Ba4 Bd7 30. Bc6 Bxc6 31. dxc6 Rc7 32. Rxb6 Rbc8 33. Rd1 Ke7 34. Re1+ Kd8 35. Rb2 Re7 36. Rxe7 Kxe7 37. Rb7+ Ke6 38. Rb6 Nc7 39. Kg2 Na8 40. Ra6 Nc7 41. Ra1 Ke7 42. Ra7 Ke6 43. h4 Ne8 44. Ra6 Rc7 45. h5 Nf6 46. f3 Ng8 47. Ra8 Nf6 48. Ra6 Ng8 49. Rb6 Ne7 50. Rb7 Rxc6 51. Bg3 Ra6 52. f4 Ra2+ 53. Kf3 f5 54. g5 Rc2 55. gxh6 Rxc3+ 56. Kg2 gxh6 57. Bh4 Rc2+ 58. Kg3 Rc3+ 59. Kg2 Rc2+ 60. Kg3 Rc3+ 61. Kg2 Rc2+ 1/2-1/2

[Event "Cup 2004"]
[Site "Rabac"]
[Date "2004.??.??"]
[Round "4.2"]
[White "Pavasovic, Dusko"]
[Black "Varga, Zoltan"]
[Result "1/2-1/2"]
[WhiteElo "2591"]
[BlackElo "2564"]
[PlyCount "120"]
[EventDate "2004.05.20"]
[Source "Roberto Alvarez"]
[SourceDate "2004.06.07"]

1. e4 Nf6 2. e5 Nd5 3. c4 Nb6 4. d4 d6 5. exd6 exd6 6. Nc3 Be7 7. h3 c6 8. Nf3 d5 9. c5 N6d7 10. Bf4 b6 11. b4 O-O 12. Bd3 a5 13. a3 Bf6 14. O-O bxc5 15. bxc5 Ba6 16. Rb1 Bxd3 17. Qxd3 Na6 18. Rfe1 Re8 19. Rxe8+ Qxe8 20. Bd6 h6 21. Qc2 Ra7 22. Qe2 Nc7 23. Qxe8+ Nxe8 24. Na4 g6 25. Bb8 Ra8 26. Bf4 g5 27. Bd2 Ra7 28. Re1 Nc7 29. Nb6 Ne6 30. Nxd7 Rxd7 31. Bxa5 Ra7 32. Bb4 Nxd4 33. Re8+ Kg7 34. Nxd4 Bxd4 35. Rc8 Bb2 36. Rxc6 Bxa3 37. Bc3+ Kh7 38. Rc8 Ra4 39. c6 d4 40. c7 Rc4 41. Bxd4 Rc1+ 42. Kh2 Bd6+ 43. g3 Rxc7 44. Rd8 Bc5 45. Be5 Re7 46. f4 gxf4 47. Rh8+ Kg6 48. Bxf4 Re4 49. Rxh6+ Kg7 50. Rh5 Re2+ 51. Kh1 Bd4 52. Rd5 Bf6 53. Rd2 Rxd2 54. Bxd2 Be5 55. Kg2 f5 56. Kf3 Kg6 57. Bf4 Bd4 58. Ke2 Bc5 59. Kd3 Bb6 60. Kc4 Bf2 1/2-1/2

[Event "Cesko"]
[Site "?"]
[Date "2005.??.??"]
[Round "?"]
[White "Movsesian, S."]
[Black "Varga, Zo"]
[Result "1-0"]
[WhiteElo "2620"]
[BlackElo "2530"]
[PlyCount "111"]
[EventDate "2005.??.??"]
[Source "Chess Informant"]
[SourceDate "2004.10.01"]

1. e4 Nf6 2. e5 Nd5 3. c4 Nb6 4. d4 d6 5. f4 dxe5 6. fxe5 c5 7. d5 g6 8. Bf4 Bg7 9. Nc3 O-O 10. Qd2 e6 11. O-O-O exd5 12. cxd5 Bg4 13. Re1 c4 14. h3 Bf5 15. g4 Bd3 16. Bxd3 cxd3 17. Qxd3 Na6 18. d6 Rc8 19. Kb1 Nb4 20. Qd1 Nc4 21. Rh2 Qa5 22. Nf3 Rc5 23. Rhe2 h6 24. Nd4 Nd5 25. Ne4 Nxf4 26. Nb3 Qb4 27. Nexc5 Nxe2 28. Rxe2 Nxe5 29. Qd5 b6 30. Nd3 Nxd3 31. Qxd3 Rd8 32. d7 Qa4 33. Rd2 Qc6 34. Nc1 a5 35. Ne2 Kf8 36. Rd1 Be5 37. Qe3 Qb5 38. Nc3 Qc5 39. Qxh6+ Bg7 40. Qd2 Qc6 41. Qd3 Bf6 42. Ne4 Rxd7 43. Qxd7 Qxe4+ 44. Qd3 Qg2 45. Rd2 Qh1+ 46. Rd1 Qg2 47. Qb3 a4 48. Qxb6 Kg7 49. a3 Qxh3 50. Qb4 Qg2 51. Rc1 Qe2 52. Ka2 g5 53. Rc5 Kg6 54. Ra5 Bxb2 55. Qxb2 Qe6+ 56. Ka1 1-0

[Event "New York (open)"]
[Site "?"]
[Date "1990.??.??"]
[Round "?"]
[White "Benjamin, Joel"]
[Black "Alburt, L."]
[Result "1-0"]
[WhiteElo "2530"]
[BlackElo "2565"]
[PlyCount "71"]
[EventDate "1990.??.??"]
[Source "ChessBase"]
[SourceDate "1990.01.01"]

1. e4 Nf6 2. e5 Nd5 3. d4 Nb6 4. a4 a5 5. Nf3 d5 6. Bd3 Bg4 7. h3 Bxf3 8. Qxf3 e6 9. Qg3 c5 10. dxc5 N6d7 11. Nc3 Nc6 12. Nb5 Ndxe5 13. Bf4 f6 14. O-O-O Qd7 15. Be3 Rc8 16. Be2 Qf7 17. f4 Nd7 18. Rhe1 Be7 19. Bg1 f5 20. Bf3 Kf8 21. Nd6 Bxd6 22. cxd6 Nf6 23. Bc5 Qd7 24. Qf2 h5 25. g4 hxg4 26. hxg4 fxg4 27. f5 Nb4 28. fxe6 Qc6 29. d7+ Kg8 30. dxc8=Q+ Qxc8 31. Bxb4 gxf3 32. Bc3 Ne4 33. Rxe4 dxe4 34. Qd4 Qf8 35. Qxe4 f2 36. e7 1-0

[Event "It (open)"]
[Site "Taby (Sweden)"]
[Date "2007.08.10"]
[Round "9"]
[White "Berg Emanuel (SWE)"]
[Black "Zhao Xue (CHN)"]
[Result "1-0"]
[WhiteElo "2581"]
[BlackElo "2500"]
[PlyCount "200"]
[EventDate "2007.??.??"]
[Source "www.chesslib.no"]
[SourceDate "2004.05.04"]

1. e4 Nf6 2. e5 Nd5 3. c4 Nb6 4. d4 d6 5. exd6 exd6 6. Nc3 Be7 7. h3 O-O 8. Bd3 Re8 9. Nge2 Nc6 10. O-O Bf6 11. b3 d5 12. c5 Nd7 13. Bb5 Ne7 14. Be3 c6 15. Bd3 Nf8 16. Ng3 g6 17. Qd2 Ne6 18. Nce2 Ng7 19. Bg5 Nef5 20. Bxf6 Qxf6 21. Bxf5 Bxf5 22. Rfe1 h5 23. Nf1 Re7 24. Nc3 Rae8 25. Re3 Rxe3 26. fxe3 Qg5 27. Kh2 h4 28. Re1 Be4 29. Re2 Nf5 30. Rf2 Ng3 31. Kg1 Nh5 32. Ne2 Bf5 33. Kh2 Kg7 34. Rf3 Qe7 35. Kg1 Be4 36. Rf2 g5 37. Nc3 Bg6 38. Rf3 f5 39. Rf2 g4 40. Ne2 Qg5 41. Nf4 Nxf4 42. Rxf4 gxh3 43. Qf2 Re4 44. g3 hxg3 45. Nxg3 h2+ 46. Kxh2 Re8 47. Kg2 Rf8 48. Kf1 Rf6 49. Ke1 Rf7 50. Kd2 Kf8 51. Kc3 Ke7 52. Rh4 Rh7 53. Rxh7+ Bxh7 54. Qf4 Qxf4 55. exf4 Bg6 56. Kd3 Kf6 57. Ke3 Be8 58. Kf2 b6 59. b4 b5 60. Kg2 Kg6 61. Kh3 Kf6 62. Kh4 Kg6 63. Nf1 Kh6 64. Ng3 Kg6 65. Nh1 Kh6 66. Nf2 Bf7 67. Nd3 Bh5 68. Kg3 Kg7 69. Kh3 Kh7 70. Nc1 Be8 71. Nb3 Bd7 72. Na5 Be8 73. Kh4 Kh6 74. Nb7 Bd7 75. Kh3 Kg6 76. Nd6 Kg7 77. Kg3 Kf6 78. Kf3 Kg7 79. Ke3 Kg6 80. Kd3 Kg7 81. Nb7 Kg6 82. Na5 Be8 83. Nb3 Kf6 84. Nc1 Bh5 85. Ke3 Kg7 86. Nd3 Bf7 87. Kf2 Bg6 88. Kg3 Bf7 89. Kh3 Kh7 90. Ne5 Be8 91. Kh4 Kh6 92. a3 a6 93. Nd3 Bf7 94. Nf2 Be8 95. Nh3 Kg6 96. Kg3 Kg7 97. Kh4 Kg6 98. Kg3 Kg7 99. Kh4 Kh6 100. Kg3 Kg6 1-0

[Event "Sitges op"]
[Site "Sitges"]
[Date "1996.??.??"]
[Round "6"]
[White "Mitkov, Nikola"]
[Black "Korneev, Oleg"]
[Result "0-1"]
[WhiteElo "2475"]
[BlackElo "2590"]
[PlyCount "104"]
[EventDate "1996.??.??"]
[Source "www.chesslib.no"]
[SourceDate "2004.05.04"]

1. e4 Nf6 2. e5 Nd5 3. c4 Nb6 4. d4 d6 5. exd6 exd6 6. Nc3 Be7 7. h3 O-O 8. Nf3 Re8 9. Be2 c6 10. O-O Bf5 11. Re1 N8d7 12. Bf1 Nf8 13. Bf4 Ng6 14. Bg3 Qd7 15. a4 Rad8 16. b3 Bf6 17. Qd2 h6 18. Rad1 Nc8 19. Bd3 Bxd3 20. Qxd3 Rxe1+ 21. Rxe1 Re8 22. Rxe8+ Qxe8 23. Ne4 Be7 24. c5 d5 25. Nd6 Bxd6 26. cxd6 Qe6 27. Qe3 Qxe3 28. fxe3 Nf8 29. Ne1 Nb6 30. Nd3 Nbd7 31. a5 f6 32. Nb4 Nb8 33. Kf2 Kf7 34. Nd3 Ne6 35. h4 Ke8 36. Kf3 Kd7 37. h5 b6 38. axb6 axb6 39. Kg4 c5 40. dxc5 bxc5 41. Kf5 Nc6 42. Nf4 Nxf4 43. Bxf4 c4 44. bxc4 dxc4 45. Ke4 Ke6 46. g4 Kd7 47. Kd5 c3 48. Kc4 c2 49. e4 Ne5+ 50. Kc3 Kxd6 51. Kxc2 Ke6 52. Kc3 Nxg4 0-1

[Event "Kusadasi TUR"]
[Site "?"]
[Date "2006.04.16"]
[Round "1.2"]
[White "Berg Emanuel"]
[Black "Zelcic Robert"]
[Result "0-1"]
[WhiteElo "2539"]
[BlackElo "2525"]
[PlyCount "85"]
[EventDate "2006.??.??"]
[Source "www.chesslib.no"]
[SourceDate "2004.05.04"]

1. e4 Nf6 2. e5 Nd5 3. c4 Nb6 4. d4 d6 5. exd6 exd6 6. Nc3 Be7 7. h3 O-O 8. Nf3 Bf5 9. Be3 Bf6 10. Bd3 Bxd3 11. Qxd3 d5 12. c5 Nc4 13. b3 Nxe3 14. fxe3 b6 15. O-O bxc5 16. dxc5 c6 17. Nd4 Qc7 18. Rxf6 gxf6 19. Nf5 Kh8 20. Rf1 Rg8 21. Rf4 Nd7 22. b4 Nf8 23. Nd6 Qe7 24. e4 Ng6 25. Rf2 Ne5 26. Qd4 dxe4 27. Ncxe4 Rg6 28. Nf5 Qe6 29. Nh4 Rh6 30. Nf5 Rh5 31. Nfg3 Rh4 32. Qd2 Rg8 33. Nxf6 Nc4 34. Qc3 Rg6 35. Ng4+ f6 36. Re2 Ne5 37. Qd4 Rhxg4 38. hxg4 Rxg4 39. Qf2 Rxb4 40. Re1 Ra4 41. Re2 Ra3 42. Nf5 Rd3 43. Re1 0-1

[Event "ECC"]
[Site "Rethymnon"]
[Date "2003.10.01"]
[Round "4"]
[White "Cicak, Slavko"]
[Black "Solozhenkin, Evgeniy"]
[Result "1-0"]
[WhiteElo "2530"]
[BlackElo "2523"]
[PlyCount "73"]
[EventDate "2003.09.28"]
[Source "Roberto Alvarez"]
[SourceDate "2003.10.06"]

1. e4 Nf6 2. e5 Nd5 3. c4 Nb6 4. d4 d6 5. exd6 exd6 6. Nc3 Be7 7. Bd3 O-O 8. Nge2 Nc6 9. O-O Bf6 10. b3 Bg4 11. Be3 Re8 12. Qd2 Bh5 13. Nf4 Bg6 14. Nxg6 hxg6 15. Be4 Rb8 16. g4 Nb4 17. Bg2 Na6 18. Rad1 c6 19. g5 Be7 20. f4 d5 21. c5 Nd7 22. f5 Nf8 23. Rf3 gxf5 24. Rxf5 g6 25. Rf3 Ne6 26. h4 Rf8 27. Bh3 Nac7 28. Rdf1 b6 29. cxb6 axb6 30. Qf2 c5 31. Rxf7 cxd4 32. Qc2 Rxf7 33. Qxg6+ Rg7 34. Bxe6+ Nxe6 35. Qxe6+ Kh8 36. Bxd4 Bc5 37. Qh6+ 1-0

[Event "Buenos Aires WOBRON"]
[Site "Buenos Aires"]
[Date "1971.??.??"]
[Round "3"]
[White "Quinteros, Miguel Angel"]
[Black "Panno, Oscar"]
[Result "1/2-1/2"]
[WhiteElo "2465"]
[BlackElo "2570"]
[PlyCount "76"]
[EventDate "1971.??.??"]
[Source "ChessBase"]

1. e4 Nf6 2. e5 Nd5 3. c4 Nb6 4. d4 d6 5. f4 Bf5 6. Nc3 e6 7. Be3 Be7 8. Nf3 O-O 9. Be2 Nc6 10. O-O dxe5 11. fxe5 f6 12. exf6 Bxf6 13. Qd2 Qe7 14. Rad1 Rad8 15. Qc1 Rd7 16. h3 h6 17. Rd2 Rfd8 18. Qd1 Kh8 19. Re1 Qf7 20. Bf1 Bh7 21. Bf2 a6 22. d5 exd5 23. cxd5 Bxc3 24. bxc3 Rxd5 25. Qb3 Bg8 26. Rde2 Ra5 27. Nd4 Qxf2+ 28. Rxf2 Bxb3 29. Nxc6 bxc6 30. axb3 Nd5 31. Re6 Nxc3 32. Rxc6 Ne4 33. Rf7 Nd2 34. Bc4 Ra1+ 35. Kh2 Nxc4 36. bxc4 Rd6 37. Rcxc7 Rg6 38. Rf2 Rc1 1/2-1/2

[Event "Balaton GM"]
[Site "?"]
[Date "2001.09.06"]
[Round "5"]
[White "Horvath Adam"]
[Black "Varga Zoltan"]
[Result "1/2-1/2"]
[WhiteElo "2504"]
[BlackElo "2518"]
[PlyCount "33"]
[EventDate "2001.??.??"]
[Source "www.chesslib.no"]
[SourceDate "2004.05.04"]

1. e4 Nf6 2. e5 Nd5 3. d4 c6 4. Nf3 g6 5. c4 Nc7 6. Nc3 Bg7 7. Be3 d5 8. exd6 exd6 9. Qd2 h6 10. O-O-O d5 11. Bd3 Be6 12. Rhe1 Kf8 13. cxd5 Nxd5 14. Nxd5 Bxd5 15. Qb4+ Kg8 16. Bf4 b5 17. Be4 1/2-1/2

[Event "Mind Sports Games - Blitz Pair"]
[Site "Pechino CINA"]
[Date "2008.10.08"]
[Round "8"]
[White "Socko, M."]
[Black "Hou Yifan"]
[Result "1-0"]
[WhiteElo "2434"]
[BlackElo "2578"]
[PlyCount "132"]
[EventDate "2008.10.08"]
[Source "www.chesslib.no"]
[SourceDate "2004.05.04"]

1. e4 Nf6 2. e5 Nd5 3. c4 Nb6 4. d4 d6 5. exd6 exd6 6. Nc3 Be7 7. Be3 Nc6 8. Rc1 O-O 9. Bd3 Re8 10. Nge2 Bg4 11. Qd2 Bxe2 12. Bxe2 Bf6 13. O-O d5 14. c5 Nc4 15. Bxc4 dxc4 16. Rfd1 Qd7 17. Ne2 Rad8 18. Rxc4 Qf5 19. d5 Ne5 20. Rf4 Qg6 21. Ng3 h6 22. d6 cxd6 23. cxd6 Bg5 24. Re4 Bxe3 25. Qxe3 f6 26. h3 Nd7 27. Rxe8+ Rxe8 28. Qb3+ Kh8 29. Qxb7 Qc2 30. Rf1 Ne5 31. Qxa7 Rd8 32. Qb6 Rd7 33. Nh5 Qf5 34. Ng3 Qd3 35. a4 Rxd6 36. Qb7 Rd7 37. Qe4 Qa6 38. Rc1 Rd8 39. Nh5 Qb6 40. Nf4 Qxb2 41. Rc7 Qb6 42. Qc2 Qd6 43. Rc8 Rxc8 44. Qxc8+ Kh7 45. Qc2+ Kg8 46. a5 Qa3 47. Qd2 Kh7 48. Nd5 Kh8 49. Ne3 Qa1+ 50. Kh2 Qa3 51. Qd5 Nd3 52. Qf5 Ne5 53. Qc8+ Kh7 54. a6 Nd3 55. Qc2 Kh8 56. a7 Qxa7 57. Qxd3 Qc7+ 58. g3 Qc5 59. Qd5 Qc1 60. Kg2 Qe1 61. Nf5 Kh7 62. Qb7 Kg6 63. g4 Kg5 64. h4+ Kf4 65. Qf3+ Ke5 66. Qe3+ Kd5 1-0

[Event "UKR-ch"]
[Site "Ordzhonikidze"]
[Date "2001.09.14"]
[Round "7"]
[White "Firman, Nazar"]
[Black "Sergeev, Vladimir"]
[Result "1-0"]
[WhiteElo "2511"]
[BlackElo "2498"]
[PlyCount "121"]
[EventDate "2001.09.08"]
[Source "ChessBase"]
[SourceDate "2001.02.01"]

1. e4 Nf6 2. e5 Nd5 3. c4 Nb6 4. d4 d6 5. exd6 exd6 6. Nc3 Be7 7. h3 O-O 8. Nf3 Re8 9. Be2 Bf6 10. O-O Nc6 11. Bf4 Bf5 12. Rc1 h6 13. b3 Re7 14. Qd2 Qd7 15. Rfd1 Rae8 16. Bf1 Qd8 17. c5 dxc5 18. dxc5 Qxd2 19. Rxd2 Bxc3 20. Rxc3 Nc8 21. h4 a6 22. Rc1 N8a7 23. Nd4 Nxd4 24. Rxd4 Nc6 25. Rd2 f6 26. f3 g5 27. hxg5 hxg5 28. Bg3 Kf7 29. Kf2 Nb4 30. a3 Nc6 31. b4 Ne5 32. Rcd1 Be6 33. Bxe5 fxe5 34. Bd3 Rh8 35. Be4 c6 36. Ke3 Rc7 37. a4 Ke7 38. Rd6 Bb3 39. R1d2 Be6 40. Rd1 Bb3 41. Rb1 Ba2 42. Ra1 Be6 43. Rdd1 Rcc8 44. Rh1 Bd5 45. b5 a5 46. Rab1 Ke6 47. g4 Rcd8 48. bxc6 bxc6 49. Bh7 Rb8 50. Rb6 Rxb6 51. cxb6 Kf6 52. Bf5 Rb8 53. Rh6+ Kg7 54. Rh7+ Kg8 55. b7 c5 56. Rc7 Rxb7 57. Be6+ Bxe6 58. Rxb7 Ba2 59. Rb5 c4 60. Rxe5 Bb3 61. Rxg5+ 1-0

[Event "Open"]
[Site "Balaguer"]
[Date "2003.07.21"]
[Round "7"]
[White "Czebe, Attila"]
[Black "Mirzoev, Azer"]
[Result "1-0"]
[WhiteElo "2487"]
[BlackElo "2522"]
[PlyCount "133"]
[EventDate "2003.07.14"]
[Source "Roberto Alvarez"]
[SourceDate "2003.08.25"]

1. e4 Nf6 2. e5 Nd5 3. c4 Nb6 4. d4 d6 5. exd6 exd6 6. Bd3 Be7 7. Ne2 Nc6 8. Nbc3 O-O 9. O-O Re8 10. b3 Bf6 11. Be3 Bg5 12. Qd2 h6 13. Rae1 Bg4 14. Bb1 Bxe2 15. Rxe2 Nd7 16. d5 Bxe3 17. Qc2 Nf8 18. dxc6 Bb6 19. cxb7 Rb8 20. Rxe8 Qxe8 21. Qe4 Qxe4 22. Bxe4 Ne6 23. Nd5 Nc5 24. Ne7+ Kf8 25. Nc6 Rxb7 26. Bf3 g6 27. b4 Nd3 28. Be4 Nf4 29. Bf3 Nd3 30. a4 a5 31. bxa5 Bc5 32. a6 Rb6 33. a7 Ra6 34. Nb4 Bxb4 35. a8=R+ Rxa8 36. Bxa8 Ke7 37. Rd1 Nc5 38. Rb1 Ba5 39. Bc6 Bb6 40. Re1+ Kf6 41. Re3 Ne6 42. Rf3+ Ke7 43. Bd5 Nd8 44. g4 c6 45. Be4 Ke6 46. Rb3 Bc7 47. Rh3 Ke5 48. Bf3 Kf4 49. Bd1 Kg5 50. Rf3 Bb6 51. Kg2 Bc7 52. Be2 f5 53. gxf5 gxf5 54. h4+ Kf6 55. Bd3 Ke5 56. Rxf5+ Kd4 57. Be2 Ne6 58. Rf6 Ke5 59. Rxh6 d5 60. cxd5 cxd5 61. Kf1 Nf4 62. Rc6 Bd8 63. h5 d4 64. h6 Bf6 65. a5 d3 66. Bxd3 Nxd3 67. a6 1-0

[Event "CXSP Open"]
[Site "Sao Paulo"]
[Date "2004.05.10"]
[Round "5"]
[White "Pelikian, Jefferson"]
[Black "Milos, Gilberto"]
[Result "1/2-1/2"]
[WhiteElo "2407"]
[BlackElo "2599"]
[PlyCount "273"]
[EventDate "2004.05.07"]
[Source "Roberto Alvarez"]
[SourceDate "2004.05.10"]

1. e4 Nf6 2. e5 Nd5 3. c4 Nb6 4. d4 d6 5. exd6 exd6 6. Nc3 Be7 7. h3 O-O 8. Nf3 Bf6 9. Be2 Nc6 10. O-O Bf5 11. Bf4 Re8 12. b3 h6 13. Qd2 g5 14. Be3 Bg7 15. Rac1 Bg6 16. Rfd1 Ne7 17. Bd3 Nf5 18. Re1 c6 19. Re2 d5 20. c5 Nd7 21. Rce1 Qf6 22. b4 Re6 23. g4 Ne7 24. Kg2 Re8 25. h4 Bxd3 26. Qxd3 gxh4 27. Rh1 Ng6 28. Qf5 Qxf5 29. gxf5 Nf4+ 30. Kf1 Nxe2 31. fxe6 Nxc3 32. exd7 Rd8 33. Nxh4 Nxa2 34. Nf5 Bf8 35. Bd2 Rxd7 36. Ke2 Kh7 37. Ra1 Kg6 38. Nh4+ Kh5 39. Ng2 Nxb4 40. Bxb4 Bg7 41. Rh1+ Kg6 42. Kd3 Re7 43. f3 Bf6 44. Bd2 Bg5 45. f4 Bf6 46. f5+ Kxf5 47. Rxh6 Re4 48. Be3 Rg4 49. Rh2 b6 50. cxb6 axb6 51. Ne1 Rg3 52. Rf2+ Ke6 53. Nf3 Be7 54. Bf4 Rh3 55. Bc7 c5 56. Bxb6 cxd4 57. Bxd4 Bf6 58. Be3 Rg3 59. Bf4 Rh3 60. Be3 Rg3 61. Nd4+ Bxd4 62. Kxd4 Rg4+ 63. Kd3 f5 64. Bf4 Rg1 65. Ra2 Rd1+ 66. Ke2 Rd4 67. Ra6+ Ke7 68. Kf3 Rd3+ 69. Kf2 Rd4 70. Kg3 Kd7 71. Ra1 Ke6 72. Ra6+ Ke7 73. Rb6 Ra4 74. Kf3 Ra3+ 75. Ke2 Ra4 76. Bd6+ Kd7 77. Bg3 Ra3 78. Bf4 Ra4 79. Bd2 Re4+ 80. Kd3 Re6 81. Rb7+ Kc6 82. Rf7 Re5 83. Bc3 Re4 84. Rxf5 Kc5 85. Rh5 Rg4 86. Bd2 Rd4+ 87. Ke2 Kc4 88. Be3 Re4 89. Kf3 Re8 90. Rh4+ Re4 91. Rh1 Re5 92. Rd1 Re4 93. Ra1 Kd3 94. Ra3+ Kc4 95. Ra5 Re5 96. Ra4+ Kd3 97. Rd4+ Kc3 98. Ke2 Rh5 99. Rd1 Re5 100. Rc1+ Kb2 101. Rc5 Kb3 102. Kd3 Kb4 103. Rc1 Kb5 104. Rb1+ Kc6 105. Bd4 Re4 106. Rh1 Kd6 107. Kc3 Rg4 108. Rd1 Rg8 109. Rh1 Rg4 110. Rh6+ Kd7 111. Kd3 Re4 112. Bc5 Re6 113. Rh7+ Kc6 114. Be3 Re4 115. Rh6+ Kd7 116. Rg6 Re6 117. Rg5 Kc6 118. Rg7 Re4 119. Bd4 Kd6 120. Kc3 Ke6 121. Rg1 Kd6  22. Rd1 Re8 123. Kb4 Rb8+ 124. Ka5 Rb3 125. Rh1 Ke6 126. Rf1 Rd3 127. Rf4 Rb3 128. Rf6+ Ke7 129. Rh6 Kd7 130. Bc5 Kc7 131. Bb4 Rd3 132. Kb5 Kd7 133. Rd6+ Ke8 134. Kc6 Kf7 135. Kd7 Rd1 136. Bc3 Rd3 137. Rf6+ 1/2-1/2

[Event "Jugoslavija"]
[Site "?"]
[Date "1994.??.??"]
[Round "?"]
[White "Velimirovic, D."]
[Black "Kupreichik, V."]
[Result "0-1"]
[WhiteElo "2490"]
[BlackElo "2515"]
[PlyCount "84"]
[EventDate "1994.??.??"]
[Source "ChessBase"]
[SourceDate "1994.02.01"]

1. e4 Nf6 2. e5 Nd5 3. c4 Nb6 4. d4 d6 5. f4 dxe5 6. fxe5 Nc6 7. Be3 Bf5 8. Nc3 e6 9. Nf3 Qd7 10. Rc1 Bg4 11. c5 Nd5 12. Nxd5 Qxd5 13. Bc4 Qe4 14. Qd2 Bxf3 15. gxf3 Qxf3 16. Rf1 Qh5 17. Rc3 O-O-O 18. Qf2 Be7 19. Qxf7 Qxh2 20. Qxe6+ Kb8 21. Rb3 Qh4+ 22. Rf2 Qe4 23. Rf4 Bh4+ 24. Kd1 Qb1+ 25. Kd2 Nb4 26. Rxh4 Qc2+ 27. Ke1 Rhe8 28. Rxb4 Rxe6 29. Bxe6 Rf8 30. Bd5 Qd3 31. Bf4 Rxf4 32. Rxf4 Qe3+ 33. Kd1 Qxf4 34. Rxb7+ Kc8 35. Rb4 h5 36. Bb7+ Kd7 37. a3 a5 38. Ra4 Qf1+ 39. Kd2 Qb5 40. d5 Qxb2+ 41. Kd3 Qb3+ 42. Kd2 Qxa4 0-1

[Event "It (Open) Kiel GER"]
[Site "?"]
[Date "2005.07.29"]
[Round "9"]
[White "Baramidze David"]
[Black "Kopylov Mihail"]
[Result "1-0"]
[WhiteElo "2535"]
[BlackElo "2462"]
[PlyCount "105"]
[EventDate "2005.??.??"]
[Source "www.chesslib.no"]
[SourceDate "2004.05.04"]

1. e4 Nf6 2. e5 Nd5 3. c4 Nb6 4. d4 d6 5. exd6 exd6 6. h3 Be7 7. Nf3 O-O 8. Bd3 Nc6 9. Nc3 Bf6 10. O-O d5 11. c5 Nc4 12. b3 N4a5 13. Bf4 Be6 14. Rc1 Rc8 15. Re1 h6 16. Bb1 Ne7 17. g4 Nac6 18. Qd3 Re8 19. Qh7+ Kf8 20. Ne2 Ng8 21. Bg3 g5 22. Ne5 Bg7 23. Nxc6 bxc6 24. f3 Qd7 25. Qd3 f5 26. gxf5 Bf7 27. h4 Re7 28. hxg5 hxg5 29. Bf2 Rce8 30. Ng3 Rxe1+ 31. Rxe1 Rxe1+ 32. Bxe1 Qe7 33. Bf2 Nf6 34. Qe3 g4 35. Qxe7+ Kxe7 36. Kg2 Bh6 37. Bd3 Nh5 38. Nxh5 gxf3+ 39. Kxf3 Bxh5+ 40. Kg2 Kf6 41. Bh4+ Bg5 42. Bg3 Be3 43. Be5+ Kg5 44. Kg3 Be8 45. Kf3 Bg1 46. Ke2 Bh5+ 47. Kd2 Bf2 48. a4 Bg4 49. f6 Bh5 50. a5 Bg6 51. Bxg6 Kxg6 52. a6 Kf7 53. Kd3 1-0

[Event "GM"]
[Site "Balatonlelle"]
[Date "2004.07.23"]
[Round "5"]
[White "Boros, Denes"]
[Black "Varga, Zoltan"]
[Result "1/2-1/2"]
[WhiteElo "2401"]
[BlackElo "2592"]
[PlyCount "32"]
[EventDate "2004.07.19"]
[Source "Roberto Alvarez"]
[SourceDate "2004.08.17"]

1. e4 Nf6 2. e5 Nd5 3. d4 c6 4. Nf3 d6 5. Be2 Bg4 6. exd6 exd6 7. O-O Be7 8. c4 Nf6 9. Nc3 O-O 10. h3 Bh5 11. Bg5 h6 12. Bf4 Re8 13. Re1 Na6 14. a3 Nc7 15. Qb3 Rb8 16. Rad1 a6 1/2-1/2

[Event "Oberliga Ost-B 0102"]
[Site "?"]
[Date "2001.10.07"]
[Round "1.1"]
[White "Galdunts Sergey"]
[Black "Konopka Michal"]
[Result "1/2-1/2"]
[WhiteElo "2514"]
[BlackElo "2479"]
[PlyCount "39"]
[EventDate "2001.??.??"]
[Source "www.chesslib.no"]
[SourceDate "2004.05.04"]

1. e4 Nf6 2. e5 Nd5 3. d4 Nb6 4. a4 a5 5. f4 d5 6. Bd3 e6 7. Nf3 c5 8. c3 Nc6 9. Na3 cxd4 10. cxd4 Bd7 11. b3 f5 12. O-O Nb4 13. Bb1 Be7 14. g4 g6 15. gxf5 exf5 16. Qe2 O-O 17. Kh1 Rc8 18. Bd2 Rc6 19. Nb5 Na8 20. Bd3 1/2-1/2

[Event "10th Open"]
[Site "Bosnjaci "]
[Date "2004.01.05"]
[Round "4"]
[White "Drazic, Sinisa"]
[Black "Leventic, Ivan"]
[Result "0-1"]
[WhiteElo "2499"]
[BlackElo "2480"]
[PlyCount "76"]
[EventDate "2004.01.03"]
[Source "Roberto Alvarez"]
[SourceDate "2004.01.19"]

1. e4 Nf6 2. e5 Nd5 3. c4 Nb6 4. d4 d6 5. f4 dxe5 6. fxe5 Nc6 7. Be3 Bf5 8. Nc3 e6 9. Nf3 Bb4 10. Be2 O-O 11. O-O Na5 12. Nd2 Bg6 13. Bf2 c5 14. dxc5 Nd7 15. Nce4 Nxe5 16. a3 Bxd2 17. Nxd2 Nd3 18. b4 Nxf2 19. Rxf2 Nc6 20. Bf3 Qc7 21. Be4 Rfd8 22. Bxg6 hxg6 23. Qb3 Ne5 24. h3 Nd3 25. Re2 Nf4 26. Rf2 Qe5 27. Rb1 Ne2+ 28. Rxe2 Qxe2 29. Nf1 Rd3 30. Qa4 Qa2 31. Re1 Qxc4 32. Kh1 Rad8 33. Nh2 Qd5 34. Rg1 Rxh3 35. Qxa7 Rxh2+ 36. Kxh2 Qh5+ 37. Kg3 Rd3+ 38. Kf2 Qf5+ 0-1

[Event "RUS-ch KO"]
[Site "Moscow"]
[Date "1999.12.15"]
[Round "1.2"]
[White "Akhmetov, Artiom"]
[Black "Berdichevski, Igor"]
[Result "1-0"]
[WhiteElo "2438"]
[BlackElo "2538"]
[PlyCount "105"]
[EventDate "1999.12.04"]
[Source "ChessBase"]
[SourceDate "2000.04.05"]

1. e4 Nf6 2. e5 Nd5 3. c4 Nb6 4. d4 d6 5. exd6 exd6 6. Nc3 Be7 7. Nf3 O-O 8. h3 Bf5 9. Be2 N8d7 10. O-O h6 11. Re1 Bf6 12. Be3 Rb8 13. Qd2 Re8 14. a4 Nc8 15. Nd5 Ne7 16. Nxf6+ Nxf6 17. d5 a6 18. a5 Ng6 19. Ba7 Ra8 20. Bd4 Ne5 21. Qf4 Nxf3+ 22. Bxf3 Bg6 23. Rxe8+ Nxe8 24. Re1 Qg5 25. Qxg5 hxg5 26. Be3 f6 27. g4 Rb8 28. Ba7 Ra8 29. Bd4 Rb8 30. Re3 Bc2 31. Rc3 Ba4 32. Be4 c5 33. dxc6 Bxc6 34. Bf5 Kf7 35. Re3 Nc7 36. Bb6 Na8 37. Ba7 Re8 38. Rxe8 Kxe8 39. Bb8 Ke7 40. b4 Bd7 41. Bd3 Bc6 42. b5 axb5 43. cxb5 Bd5 44. Bf5 Be6 45. Be4 d5 46. Bd3 Kd7 47. b6 Kc6 48. f4 gxf4 49. Bxf4 Nxb6 50. axb6 Kxb6 51. Bd6 g6 52. Bxg6 d4 53. Be4 1-0

[Event "AUT-chT2O 0102"]
[Site "?"]
[Date "2001.??.??"]
[Round "2"]
[White "Palkovi Jozsef"]
[Black "Varga Zoltan"]
[Result "0-1"]
[WhiteElo "2454"]
[BlackElo "2519"]
[PlyCount "84"]
[EventDate "2001.??.??"]
[Source "www.chesslib.no"]
[SourceDate "2004.05.04"]

1. e4 Nf6 2. e5 Nd5 3. d4 c6 4. Nf3 d6 5. Be2 dxe5 6. dxe5 g6 7. O-O Bg7 8. Re1 O-O 9. h3 b5 10. c4 bxc4 11. Bxc4 Nb6 12. Bb3 Qxd1 13. Rxd1 N8d7 14. Bf4 Nc5 15. Nc3 Ba6 16. Be3 Nd3 17. Rd2 e6 18. Na4 Nxa4 19. Bxa4 c5 20. Bc6 Rac8 21. Be4 Nxe5 22. Nxe5 Bxe5 23. Rc1 Rfd8 24. Rxd8+ Rxd8 25. Bxc5 Bxb2 26. Rb1 Bd4 27. Be7 Rd7 28. Rb8+ Kg7 29. Bf8+ Kf6 30. g4 Bb6 31. Bb4 Rd1+ 32. Kg2 Bf1+ 33. Kf3 Bxh3 34. Ke2 Rg1 35. Bc3+ e5 36. f4 Rg2+ 37. Kd1 Rxa2 38. Bd5 Ra3 39. Kc2 Bd4 40. Bd2 Bf1 41. Bb4 Ra4 42. Rb7 Kg7 0-1